[Event "IND Challenger (Women)"]
[Site "Nagpur"]
[Date "2009.09.15"]
[Round "11"]
[White "Supriya, Maji"]
[Black "Bhakti, Kulkarni"]
[Result "0-1"]
[WhiteElo "2107"]
[BlackElo "2188"]
[PlyCount "146"]
[EventDate "2009.09.07"]
[EventType "swiss"]
[EventRounds "11"]
[EventCountry "IND"]
[SourceTitle "CBM 132 Extra"]
[Source "ChessBase"]
[SourceDate "2009.11.03"]
[SourceVersion "1"]
[SourceVersionDate "2009.11.03"]
[SourceQuality "1"]

1. e4 c5 2. c3 g6 3. d4 cxd4 4. cxd4 d5 5. exd5 Nf6 6. Nc3 Nxd5 7. Bc4 Nb6 8. Bb3 Bg7 9. Nf3 Nc6 10. Be3 0-0 11. h3 Bf5 12. 0-0 Na5 13. Bc2 Bxc2 14. Qxc2 Rc8 15. Qe2 Nac4 16. Bg5 Re8 17. Rfd1 Rc7 18. Rac1 Nd6 19. Bf4 a6 20. Ne5 Qc8 21. Qf3 Qf5 22. Re1 g5 23. Bg3 Qxf3 24. Nxf3 Rd8 25. Nxg5 Bxd4 26. Nge4 Bxc3 27. bxc3 Nbc4 28. Rcd1 Rdc8 29. Rd4 Nf5 30. Bxc7 Nxd4 31. cxd4 Rxc7 32. Rc1 b5 33. Nc5 Rc6 34. Rc3 Rd6 35. Rd3 a5 36. Ne4 Rb6 37. Rc3 Re6 38. f3 f5 39. Ng3 Re1+ 40. Kf2 Rd1 41. a4 Nd6 42. axb5 Nxb5 43. Rc8+ Kf7 44. Nxf5 a4 45. Rc4 a3 46. Ra4 Rd2+ 47. Kg3 a2 48. Ra5 Nc3 49. Ne3 Re2 50. Nc4 Re1 51. Ne5+ Ke6 52. Ra6+ Kd5 53. Ra5+ Kxd4 54. Nc6+ Kc4 55. Kf2 a1Q 56. Rxa1 Rxa1 57. Nxe7 Kd4 58. g4 Ke5 59. Kg3 Kf6 60. Nf5 Ne2+ 61. Kf2 Ra2 62. Ke3 Ng1 63. h4 Ra3+ 64. Ke4 Rxf3 65. Ne3 Kg6 66. Ng2 Rg3 67. Nf4+ Kf7 68. Kf5 Nf3 69. h5 Nd4+ 70. Kg5 Ne6+ 71. Nxe6 Kxe6 72. Kf4 Rg1 73. g5 Rg2 0-1

[Event "IND-chB (Women) 35th"]
[Site "Calicut"]
[Date "2008.06.09"]
[Round "5"]
[White "Gomes, Mary Ann"]
[Black "Supriya, Maji"]
[Result "1-0"]
[WhiteElo "2321"]
[BlackElo "2125"]
[PlyCount "83"]
[EventDate "2008.06.06"]
[EventType "swiss"]
[EventRounds "11"]
[EventCountry "IND"]
[SourceTitle "CBM 124 Extra"]
[Source "ChessBase"]
[SourceDate "2008.07.03"]
[SourceVersion "1"]
[SourceVersionDate "2008.07.03"]
[SourceQuality "1"]

1. d4 Nf6 2. Nc3 d5 3. Bg5 Nbd7 4. Qd3 c6 5. f3 Qa5 6. Bd2 Qc7 7. e4 Nb6 8. e5 Ng8 9. b3 g6 10. Bf4 Bh6 11. Bxh6 Nxh6 12. a4 Be6 13. Nge2 f6 14. exf6 Nf5 15. g4 Nd6 16. fxe7 Qxe7 17. a5 Nd7 18. 0-0-0 0-0 19. h4 b5 20. Bh3 Nf7 21. f4 Nd6 22. h5 b4 23. Nb1 Ne4 24. Rdf1 Bf7 25. hxg6 hxg6 26. Bg2 Rfe8 27. Qh3 Qf6 28. g5 Qg7 29. Qxd7 c5 30. Rh6 cxd4 31. Rfh1 d3 32. Rh7 dxe2 33. Rxg7+ Kxg7 34. Re1 Nc5 35. Qb5 Rac8 36. Kb2 d4 37. Rxe2 d3 38. Rxe8 Bxe8 39. Qxb4 Na4+ 40. bxa4 Rxc2+ 41. Ka3 Rxg2 42. Qb7+ 1-0

[Event "IND-ch (Women) 32nd"]
[Site "Visakhapatnam"]
[Date "2006.04.16"]
[Round "17"]
[White "Vijayalakshmi, Subbaraman"]
[Black "Supriya, Maji"]
[Result "1-0"]
[WhiteElo "2479"]
[BlackElo "2085"]
[PlyCount "73"]
[EventDate "2006.04.03"]
[EventType "tourn"]
[EventRounds "19"]
[EventCountry "IND"]
[SourceTitle "CBM 111 Extra"]
[Source "ChessBase"]
[SourceDate "2006.05.09"]
[SourceVersion "1"]
[SourceVersionDate "2006.05.09"]
[SourceQuality "1"]

1. d4 d5 2. c4 e6 3. Nc3 Nf6 4. cxd5 exd5 5. Bg5 Be7 6. e3 c6 7. Bd3 Be6 8. Nge2 Nbd7 9. Qc2 h6 10. Bh4 Qb6 11. 0-0 g5 12. Bg3 h5 13. f4 h4 14. Bf2 gxf4 15. Nxf4 0-0-0 16. b4 Kb8 17. b5 c5 18. Na4 Qd6 19. b6 axb6 20. Nc3 c4 21. Nb5 Qb4 22. Rfb1 Qa5 23. Be1 Qa6 24. a4 Nc5 25. Be2 Bd7 26. dxc5 bxc5 27. Bc3 Rdg8 28. Be5+ Kc8 29. Bf3 Rg5 30. Qb2 Rhg8 31. Nc7 Qc6 32. Ncxd5 Nxd5 33. Nxd5 Rxg2+ 34. Kh1 Bd8 35. Bxg2 Rxg2 36. Qxg2 h3 37. Qf3 1-0

[Event "IND-ch (Women) 32nd"]
[Site "Visakhapatnam"]
[Date "2006.04.10"]
[Round "9"]
[White "Supriya, Maji"]
[Black "Swati, Mohota"]
[Result "0-1"]
[WhiteElo "2085"]
[BlackElo "2160"]
[PlyCount "110"]
[EventDate "2006.04.03"]
[EventType "tourn"]
[EventRounds "19"]
[EventCountry "IND"]
[SourceTitle "CBM 111 Extra"]
[Source "ChessBase"]
[SourceDate "2006.05.09"]
[SourceVersion "1"]
[SourceVersionDate "2006.05.09"]
[SourceQuality "1"]

1. e4 c6 2. d4 d5 3. exd5 cxd5 4. Nf3 Nf6 5. c4 e6 6. Nc3 Be7 7. Bf4 Nc6 8. c5 Ne4 9. Bd3 f5 10. 0-0 0-0 11. Bb5 Bd7 12. Bxc6 Bxc6 13. Ne5 g5 14. Nxc6 bxc6 15. Be5 Bf6 16. Bxf6 Qxf6 17. Ne2 Qg7 18. Nc1 e5 19. Ne2 Rab8 20. Rb1 exd4 21. Nxd4 Qd7 22. Qh5 Qf7 23. Qh6 Qf6 24. Qxf6 Rxf6 25. Nb3 Rxb3 26. axb3 Nd2 27. Ra1 Nxf1 28. Kxf1 Rf7 29. b4 Rb7 30. Ra4 Kf7 31. Ke2 Ke6 32. Kd3 Ke5 33. Kc3 Rd7 34. Ra1 d4+ 35. Kc4 d3 36. Re1+ Kf4 37. Kc3 Rd5 38. Rd1 Ke4 39. h3 d2 40. Rxd2 Rxd2 41. Kxd2 Kd4 42. b3 a6 43. Kc2 h5 44. Kd2 f4 45. Kc2 Ke4 46. Kd2 h4 47. Ke2 Kd4 48. Kd2 g4 49. f3 g3 50. Kd1 Kc3 51. Ke2 Kxb3 52. Kd3 Kxb4 53. Ke4 a5 54. Kxf4 a4 55. Kg4 a3 0-1